Greatest Russian Players in NHL History - Statistics

General Stats
  • This quiz has been taken 145 times
  • The average score is 13 of 20
Answer Stats
Hint Career Player % Correct
Forwards 2006 - Present Alexander Ovechkin
100%
Forwards 2007 - Present Evgeni Malkin
98%
Forwards 2014 - Present Nikita Kucherov
90%
Goaltenders 2011 - Present Sergei Bobrovsky
87%
Forwards 1992 - 2003 Pavel Bure
86%
Forwards 1991 - 2009 Sergei Fedorov
86%
Forwards 2002 - 2016 Pavel Datsyuk
83%
Goaltenders 2015 - Present Andrei Vasilevskiy
82%
Forwards 2002 - 2020 Ilya Kovalchuk
80%
Forwards 2013 - Present Vladimir Tarasenko
79%
Forwards 2016 - Present Artemi Panarin
78%
Defencemen 1993 - 2009 Sergei Zubov
70%
Forwards 1990 - 2006 Alexander Mogilny
60%
Defencemen 2001 - 2017 Andrei Markov
56%
Defencemen 1995 - 2015 Sergei Gonchar
51%
Defencemen 1990 - 1998 Viacheslav Fetisov
45%
Forwards 1993 - 2013 Alexei Kovalev
44%
Forwards 1994 - 2007 Alexei Yashin
40%
Defencemen 1993 - 2008 Alexei Zhitnik
13%
Defencemen 1993 - 2006 Vladimir Malakhov
9%
No matching quizzes found
Score Distribution
Percent of People with Each Score
Percentile by Number Answered
Your Score History
You have not taken this quiz